| 000 | 00927nam a2200265 a 4500 | ||
|---|---|---|---|
| 001 | 000039342 | ||
| 005 | 20201002031614.0 | ||
| 008 | 130624s20uu dr a 000 f spa d | ||
| 040 |
_aDO-SdBNP _bspa _cBNPHU |
||
| 041 | 1 | 7 |
_aspa _heng _2MARC |
| 082 |
_a823.5 _bD314ro |
||
| 100 | 1 |
_aDefoe, Daniel, _d1660?-1731 _965536 |
|
| 245 | 1 | 0 |
_aRobinson Crusoe / _cDaniel Defoe ; edición Mario Guzmán Tejada. |
| 260 |
_aSanto Domingo : _bCENAPEC, _c[s.a.]. |
||
| 300 |
_a202 p. : _bil. ; _c22 cm. |
||
| 490 | 1 |
_aBiblioteca Económica de Obras Maestras _v13 |
|
| 500 | _aIncluye datos biográficos del autor. | ||
| 590 | _aInventariado, 2018/ YL | ||
| 650 | 4 |
_aNovela juvenil inglesa _929538 |
|
| 650 | 4 |
_aNaufragios _xNovela _951689 |
|
| 650 | 4 |
_aLiteratura inglesa _9498 |
|
| 700 | 1 |
_aGuzmán Tejada, Mario, _eed. _956506 |
|
| 830 | 0 |
_aBiblioteca Económica de Obras Maestras _n13 _965537 |
|
| 910 | _aValidado. Control de calidad EMS | ||
| 999 |
_c38832 _d38832 |
||